000 00638nam a2200229 a 4500
001 000012030
005 20200929162650.0
008 091103s2001 mx 000 f spa d
020 _a9681908155
040 _aDO-SdBNP
_bspa
_cBNPHU
082 _aM863.44
_bF954i
100 1 _aFuentes, Carlos,
_d1928-
_99774
245 1 0 _aInstinto de Inez /
_cCarlos Fuentes.
260 _aMéxico :
_bAlfaguara,
_c2001.
300 _a145 ;
_c22 cm.
490 1 _aBiblioteca Alfaguara
650 4 _aNovela mexicana
_93959
650 4 _aLiteratura mexicana
_ySIGLO XX
_99216
830 0 _aBiblioteca Alfaguara
_913616
910 _aWM
049 _aBNGR
999 _c11698
_d11698